Macroeconomics. / (Record no. 8472)
[ view plain ]
| 000 -LEADER | |
|---|---|
| fixed length control field | 01934cam a22003378i 4500 |
| 001 - CONTROL NUMBER | |
| control field | 18981437 |
| 003 - CONTROL NUMBER IDENTIFIER | |
| control field | OSt |
| 005 - DATE AND TIME OF LATEST TRANSACTION | |
| control field | 20220125113309.0 |
| 008 - FIXED-LENGTH DATA ELEMENTS--GENERAL INFORMATION | |
| fixed length control field | 160219s2017 mau 000 0 eng |
| 010 ## - LIBRARY OF CONGRESS CONTROL NUMBER | |
| LC control number | 2016001144 |
| 020 ## - INTERNATIONAL STANDARD BOOK NUMBER | |
| International Standard Book Number | 9781292160504 |
| 020 ## - INTERNATIONAL STANDARD BOOK NUMBER | |
| International Standard Book Number | 1292160500 |
| 040 ## - CATALOGING SOURCE | |
| Original cataloging agency | DLC |
| Language of cataloging | eng |
| Transcribing agency | LC |
| Description conventions | rda |
| 042 ## - AUTHENTICATION CODE | |
| Authentication code | pcc |
| 050 00 - LIBRARY OF CONGRESS CALL NUMBER | |
| Classification number | HB172.5.B57 |
| 082 00 - DEWEY DECIMAL CLASSIFICATION NUMBER | |
| Classification number | 339 |
| Edition number | 23 |
| 100 1# - MAIN ENTRY--PERSONAL NAME | |
| Personal name | Blanchard, Olivier |
| 245 10 - TITLE STATEMENT | |
| Title | Macroeconomics. / |
| Statement of responsibility, etc. | Olivier Blanchard. |
| 250 ## - EDITION STATEMENT | |
| Edition statement | 7th ed. |
| 263 ## - PROJECTED PUBLICATION DATE | |
| Projected publication date | 1604 |
| 264 #1 - PRODUCTION, PUBLICATION, DISTRIBUTION, MANUFACTURE, AND COPYRIGHT NOTICE | |
| Place of production, publication, distribution, manufacture | Boston: |
| Name of producer, publisher, distributor, manufacturer | Pearson, |
| Date of production, publication, distribution, manufacture, or copyright notice | 2017. |
| 300 ## - PHYSICAL DESCRIPTION | |
| Extent | 530 p. + [various pagings] |
| 336 ## - CONTENT TYPE | |
| Content type term | text |
| Source | rdacontent |
| 337 ## - MEDIA TYPE | |
| Media type term | unmediated |
| Source | rdamedia |
| 338 ## - CARRIER TYPE | |
| Carrier type term | volume |
| Source | rdacarrier |
| 505 ## - FORMATTED CONTENTS NOTE | |
| Formatted contents note | Contents: Introduction: A tour of the world -- A tour of the book -- The Short run: The goods market -- Financial markets -- Goods and financial market; The IS-LM model -- Financial markets: The Extended IS-LM model -- The Medium run: The labor market -- The Phillips curve, the natural rate of unemployment and inflation -- From the short to the medium run: The IS-LM-PC model -- The Long run: The facts of growth -- Saving, capital accumulation and output -- Technological progress and growth -- Technological progress: the short, the medium and the long run -- Expectations: Financial markets and expectations -- Expectations, consumption and investment -- Expectations, output and policy -- The open economy: Openness in goods and financial markets -- The goods market in an open economy -- Output, the interest rate and the exchange rate -- Exchange rate regimes -- Back to policy: Should policy makers be restrained? Fiscal policy: a summing up -- Monetary policy: a summing up -- Epilogue: the story of macroeconomics -- |
| 650 #0 - SUBJECT ADDED ENTRY--TOPICAL TERM | |
| Topical term or geographic name entry element | Macroeconomics. |
| 906 ## - LOCAL DATA ELEMENT F, LDF (RLIN) | |
| a | 7 |
| b | cbc |
| c | orignew |
| d | 1 |
| e | ecip |
| f | 20 |
| g | y-gencatlg |
| 942 ## - ADDED ENTRY ELEMENTS (KOHA) | |
| Source of classification or shelving scheme | Library of Congress Classification |
| Koha item type | Books |
| Withdrawn status | Lost status | Source of classification or shelving scheme | Damaged status | Not for loan | Home library | Current library | Shelving location | Date acquired | Source of acquisition | Full call number | Barcode | Date last seen | Copy number | Price effective from | Koha item type | Total Checkouts |
|---|---|---|---|---|---|---|---|---|---|---|---|---|---|---|---|---|
| Library of Congress Classification | WISCONSIN INTERNATIONAL UNIVERSITY COLLEGE, GHANA KUMASI LIBRARY | WISCONSIN INTERNATIONAL UNIVERSITY COLLEGE, GHANA KUMASI LIBRARY | General Stacks | 25/10/2019 | WIUC | HB172.5.B57(7e) | K/608/608/19 | 24/01/2022 | 1 | 24/01/2022 | Books | |||||
| Library of Congress Classification | WISCONSIN INTERNATIONAL UNIVERSITY COLLEGE, GHANA KUMASI LIBRARY | WISCONSIN INTERNATIONAL UNIVERSITY COLLEGE, GHANA KUMASI LIBRARY | General Stacks | 25/10/2019 | WIUC | HB172.5.B571(7e) | K/609/609/19 | 24/01/2022 | 2 | 24/01/2022 | Books | |||||
| Library of Congress Classification | WISCONSIN INTERNATIONAL UNIVERSITY COLLEGE, GHANA KUMASI LIBRARY | WISCONSIN INTERNATIONAL UNIVERSITY COLLEGE, GHANA KUMASI LIBRARY | General Stacks | 25/10/2019 | WIUC | HB172.5.B572(7e) | K/610/610/19 | 24/01/2022 | 3 | 24/01/2022 | Books |
